| 000 | 00947cam a2200277 a 4500 | ||
|---|---|---|---|
| 001 | 000019567 | ||
| 003 | UkOxU | ||
| 005 | 20200929170048.0 | ||
| 008 | 990729s1967 ag 000 f spa d | ||
| 040 |
_aDO-SdBNP _bspa _cBNPHU |
||
| 082 |
_a863.5 _bP153h, 1967 |
||
| 100 | 1 |
_aPalacio Valdés, Armando, _d1853-1938. _941846 |
|
| 245 | 1 | 3 |
_aLa hermana San Sulpicio / _cArmando Palacio Valdés. |
| 250 | _a12a ed. | ||
| 260 |
_aBuenos Aires, (Argentina) : _bEditorial Espasa-Calpe Argentina, _c1967. |
||
| 300 |
_a261, [10] p. ; _c18 cm. |
||
| 490 | 1 |
_aAustral. Azul: novelas y cuentos en general _v76 |
|
| 500 | _aIncluye índice de autores. | ||
| 650 | 4 |
_aNovela española _91123 |
|
| 650 | 4 |
_aLiteratura española _9632 |
|
| 650 | 4 |
_aConventos _xNovela _941977 |
|
| 650 | 4 |
_aVida religiosa de mujeres _941978 |
|
| 830 | 0 |
_aAustral. _pAzul: novelas y cuentos en general; _v76 _922386 |
|
| 910 | _aCatalogación derivada /Oxford | ||
| 049 | _aBNGR | ||
| 999 |
_c19083 _d19083 |
||